|
|
|
|
| LEADER |
00000nam0a2200000 4500 |
| 001 |
214559 |
| 005 |
20231101225911.0 |
| 035 |
|
|
|a (RuTPU)RU\TPU\book\234433
|
| 090 |
|
|
|a 214559
|
| 100 |
|
|
|a 20120426d2008 k y0rusy50 ca
|
| 101 |
0 |
|
|a rus
|
| 102 |
|
|
|a RU
|
| 105 |
|
|
|a a z 001zy
|
| 200 |
1 |
|
|a Нефтегазоносные рифы. Закономерности распространения, строения ловушек и резервуаров
|f В. Г. Кузнецов
|g Российская академия наук (РАН), Институт проблем нефти и газа (ИПНГ)
|
| 210 |
|
|
|a Москва
|c Изд-во ИПНГ РАН
|d 2008
|
| 215 |
|
|
|a 99 с.
|c ил.
|
| 320 |
|
|
|a Библиогр.: с. 95-98.
|
| 330 |
|
|
|a Рассмотрено распространение нефтегазоносных рифов в 41 нефтегазоносном бассейне мира. Показаны стратиграфические и тектонические закономерности их развития, соотношение с геодинамическими режимами. Подробно описаны строение рифовых резервуаров и ловушек нефти и газа, установлены черты их эволюции в геологической истории Земли. Разработаны рекомендации по разведке рифовых залежей нефти и газа. Для работников научно-исследовательских и производственных организаций нефтяной и газовой промышленности.
|
| 606 |
1 |
|
|a Нефтегазоносность
|x Закономерности размещения
|2 stltpush
|3 (RuTPU)RU\TPU\subj\45599
|9 64792
|
| 610 |
1 |
|
|a нефтегазоносные рифы
|
| 610 |
1 |
|
|a возрастное распределение
|
| 610 |
1 |
|
|a географическое распределение
|
| 610 |
1 |
|
|a стратиграфия
|
| 610 |
1 |
|
|a тектоника
|
| 610 |
1 |
|
|a литология
|
| 610 |
1 |
|
|a коллекторские свойства
|
| 610 |
1 |
|
|a рифовые резервуары
|
| 610 |
1 |
|
|a рифовые ловушки
|
| 610 |
1 |
|
|a нефть
|
| 610 |
1 |
|
|a газ
|
| 610 |
1 |
|
|a разведка
|
| 675 |
|
|
|a 553.98.078
|v 3
|
| 700 |
|
1 |
|a Кузнецов
|b В. Г.
|
| 712 |
0 |
2 |
|a Российская академия наук (РАН)
|b Институт проблем нефти и газа (ИПНГ)
|c (Москва)
|2 stltpush
|3 (RuTPU)RU\TPU\col\6181
|
| 801 |
|
1 |
|a RU
|b 63413507
|c 20120426
|
| 801 |
|
2 |
|a RU
|b 63413507
|c 20121117
|g RCR
|
| 942 |
|
|
|c BK
|